Some aspects of administration of a planned city : Chandigarh (Record no. 20495)

MARC details
000 -LEADER
fixed length control field 00431nam a2200157Ia 4500
082 ## - DEWEY DECIMAL CLASSIFICATION NUMBER
Classification number TS.0448
100 ## - MAIN ENTRY--AUTHOR NAME
Personal name Shyam Kala
245 #0 - TITLE STATEMENT
Title Some aspects of administration of a planned city : Chandigarh
260 ## - PUBLICATION, DISTRIBUTION, ETC. (IMPRINT)
Year of publication 1975
Name of publisher Panjab University
300 ## - PHYSICAL DESCRIPTION
Number of Pages 745p. + C D - 55
650 ## - SUBJECT ADDED ENTRY--TOPICAL TERM
Topical Term CITY PLANNING - CHANDIGARH
650 ## - SUBJECT ADDED ENTRY--TOPICAL TERM
Topical Term PUBLIC ADMINISTRATION - CHANDIGARH
650 ## - SUBJECT ADDED ENTRY--TOPICAL TERM
Topical Term CHANDIGARH
710 ## - ADDED ENTRY--CORPORATE NAME
Corporate name or jurisdiction name as entry element Khanna, B.S.
942 ## - ADDED ENTRY ELEMENTS (KOHA)
Koha item type Thesis
Source of classification or shelving scheme Dewey Decimal Classification
Holdings
Withdrawn status Lost status Damaged status Not for loan Home library Current library Date acquired Full call number Accession Number Price effective from Koha item type
        NASSDOC Library NASSDOC Library 08/10/2004 TS.0448 11534 18/04/2019 Thesis